000 00564cam a22002053a 4500
001 45308
003 PGUSA
005 20140828084039.0
008 140402s2014||||xxu|||||s|||||000 | eng d
040 _aPGUSA
_beng
042 _adc
100 1 _aBlank, Clair
245 1 4 _aThe Adventure Girls in the Air
_h[electronic resource] /
_cClair Blank
260 _bProject Gutenberg,
_c2014
506 _aPublic domain in the USA.
516 _aElectronic text
830 0 _aProject Gutenberg
_v45308
856 4 0 _uhttp://www.gutenberg.org/ebooks/45308
942 _cEB
999 _c274559
_d274559